Vlaggen van de Nederlandse provincies - Statistieken

Algemene statistieken
  • Deze quiz is 46 keer genomen
  • De gemiddelde score is 10 van 12
Antwoordstatistieken
Foto Antwoord % Correct
Drenthe
94%
Limburg
92%
Friesland
89%
Noord Brabant
86%
Zeeland
86%
Utrecht
83%
Zuid Holland
81%
Flevoland
78%
Noord Holland
78%
Overijssel
78%
Groningen
75%
Gelderland
72%
Geen overeenkomende quizzen gevonden
Scoreverdeling
Procent van Mensen met Elke Score
Percentiel versus Aantal Correcte Antwoorden
Uw Scoregeschiedenis
U heeft deze quiz nog niet genomen